1634 1388 1908 1901 1138 1359 1127 1798 1366 1366 1755 1665 1451 1054 1552 1631 1596 1403 1257 1548 1927 1834 1116 1227 1876 1754 1781 1148 1845 1345 1466 1582 1996 1565 1288 1649 1020 1269 1114 1619 1091 1621 1791 1103 1972 1031 1424 1499 1598 1673 1177 1101 1804 1334 1867 1910 1325 1830 1299 1751 1381 1708 1396 1225 1271 1881 1219 1646 1353 1943 1933 1177 1382 1373 1941 1952 1908 1125 1868 1298 1248 1588 1161 1491 1214 1734 1285 1404 1920 1348 1902 1180 1961 1112 1656 1967 1589 1372 1790 BCNSPRNW ULIB Ver.6.0+V

เปลี่ยนเป็นภาษาไทย

Change to English
 แสดงรายละเอียดบรรณานุกรม
  กลับหน้าหลัก

Brief Record : Get Marc (ISO 2709) : E-mail record : QR code < ปิดหน้าต่าง
LEADER : 00000nam 2200000uu 4500
001    13399128157
003     ULIB
008    220727s2564||||th 000 0 tha d
020    ^a9786167727318
050    ^aนว^bก633ร
100 0  ^aกิ่งฉัตร
245 10 ^aรางปรารถนา /^cกิ่งฉัตร
250    ^aพิมพ์ครั้งที่ 1
260    ^aกรุงเทพฯ :^bลูกองุ่น,^c2564
300    ^a424 หน้า ;^c21 ซม.
650  0 ^aThai fiction
650  4 ^aนวนิยายไทย
945    ^p330^l0^i009251
999    ^aประนอม เกษจรัล
รายการนี้ยังไม่มีแท็ก
คุณยังไม่ได้ล็อกอิน คุณสามารถมีกิจกรรมร่วมกับเว็บไซต์ได้ แต่ต้องล็อกอินก่อน ::
  ล็อกอิน

รายการสื่อสารสนเทศ

ลำดับที่ ประเภท เลขเรียก/บาร์โค้ด สถานที่ สถานะ
1. นวนิยาย
นวนิยาย
นว ก633ร ฉ.1 
  Barcode: 009251
ห้องสมุดวิทยาเขตสวรรค์ประชารักษ์
►นวนิยาย
บนชั้น
  ขอยืม

รายการใกล้เคียง
    ผู้แต่ง [กิ่งฉัตร]

    หัวเรื่อง [Thai fiction]
    หัวเรื่อง [นวนิยายไทย]

BibComment


ยังไม่เคยถูกคอมเมนท์

คอมเมนท์ทรัพยากรรายการนี้
  คอมเมนท์: รางปรารถนา กิ่ง..


 Copyright 2026. Bcnsprnw @Library